000 00634nam a22002297a 4500
003 UA-OsUOA
001 47073
007 ta
008 20070711b un ||||| |||| 00| 0 ukr d
100 _aЕ.А. Ножин
090 _a808,5(075)
_bЕ11
942 _cBK
040 _aUA-OsUOA
_brus
_cUA-OsUOA
_dUA-OsUOA
245 _aМастерство устного выступления
300 _a254 с.
955 _a2
041 _arus
080 _a808,5(075)
260 _aМ.
_c1978
650 7 _a80 Загальні питання лінгвістики, літератури. Філологія
_2UDC
999 _c333171
_d333171